Cornerstone : (Record no. 72515)

MARC details
000 -LEADER
fixed length control field 00697nam a2200253Ia 4500
003 - CONTROL NUMBER IDENTIFIER
control field OSt
005 - DATE AND TIME OF LATEST TRANSACTION
control field 20240122063129.0
008 - FIXED-LENGTH DATA ELEMENTS--GENERAL INFORMATION
fixed length control field 210329s9999||||xx |||||||||||||| ||und||
020 ## - INTERNATIONAL STANDARD BOOK NUMBER
International Standard Book Number 9788131724675
040 ## - CATALOGING SOURCE
Transcribing agency STCPL
041 ## - LANGUAGE CODE
Language code of text/sound track or separate title English
082 ## - DEWEY DECIMAL CLASSIFICATION NUMBER
Classification number 650
Item number ROB-C
100 ## - MAIN ENTRY--PERSONAL NAME
Personal name Sherfield, Robert M.
100 ## - MAIN ENTRY--PERSONAL NAME
Personal name Montgomery, Rhonda J.
100 ## - MAIN ENTRY--PERSONAL NAME
Personal name Moody, Patricia G.
245 #0 - TITLE STATEMENT
Title Cornerstone :
Remainder of title Developing Soft Skills /
Statement of responsibility, etc. by Robert M. Sherfield, Rhonda J. Montgomery and Patricia G. Moody
250 ## - EDITION STATEMENT
Edition statement 4th ed.
260 ## - PUBLICATION, DISTRIBUTION, ETC.
Place of publication, distribution, etc. New Delhi :
Name of publisher, distributor, etc. Pearson,
Date of publication, distribution, etc. 2005.
300 ## - PHYSICAL DESCRIPTION
Extent 409.
Other physical details Paper Back
650 ## - SUBJECT ADDED ENTRY--TOPICAL TERM
Topical term or geographic name entry element Management And Auxiliary Services
650 ## - SUBJECT ADDED ENTRY--TOPICAL TERM
Topical term or geographic name entry element Commerce
942 ## - ADDED ENTRY ELEMENTS (KOHA)
Koha item type Books
942 ## - ADDED ENTRY ELEMENTS (KOHA)
Source of classification or shelving scheme Dewey Decimal Classification
Holdings
Withdrawn status Lost status Source of classification or shelving scheme Damaged status Collection code Not for loan Home library Current library Shelving location Date acquired Cost, normal purchase price Total Checkouts Full call number Barcode Date last seen Price effective from Koha item type
    Dewey Decimal Classification   Commerce   ST. THOMAS COLLEGE LIBRARY, PALAI ST. THOMAS COLLEGE LIBRARY, PALAI Commerce 2021-07-10 525.00   650 ROB-C 84941 2021-07-10 2021-07-10 Books
Rights reserved ©2021 ST. THOMAS COLLEGE LIBRARY
A joint venture of - St. Thomas College Library and
Department of Computer Science, St. Thomas Collge Palai